Yo quiero que mis versos / (Record no. 79645)

MARC details
000 -LEADER
campo de control de longitud fija 00664nam a2200193 i 4500
001 - NÚMERO DE CONTROL
campo de control 79645
003 - IDENTIFICADOR DE NÚMERO DE CONTROL
campo de control ES-MaACL
005 - FECHA Y HORA DE LA ÚLTIMA TRANSACCIÓN
campo de control 20250511094119.0
007 - CAMPO FIJO DE DESCRIPCIÓN FÍSICA--INFORMACIÓN GENERAL
campo de control de longitud fija t|
008 - DATOS DE LONGITUD FIJA--INFORMACIÓN GENERAL
campo de control de longitud fija 041022s1947 sp ||||1| spa d
100 1# - ENTRADA PRINCIPAL--NOMBRE DE PERSONA
Nombre de persona Hernando Casajús, Juan-Pablo.
9 (RLIN) 63099
245 10 - MENCIÓN DEL TÍTULO
Título Yo quiero que mis versos /
Mención de responsabilidad, etc. Juan-Pablo Hernando Casajús ; pórtico de Fernando Castán Palomar ; ilustraciones de Roberto Maza.
260 ## - PUBLICACIÓN, DISTRIBUCIÓN, ETC.
Lugar de publicación, distribución, etc. Zaragoza :
Nombre del editor, distribuidor, etc. [s.n.,
Fecha de publicación, distribución, etc. 1947] (
Fabricante Berdejo Casañal)
300 ## - DESCRIPCIÓN FÍSICA
Extensión 128 p. ;
Dimensiones 17 cm.
700 1# - ENTRADA AGREGADA--NOMBRE PERSONAL
Nombre de persona Castán Palomar, Fernando,
Fechas asociadas al nombre 1898-1963
9 (RLIN) 36390
700 1# - ENTRADA AGREGADA--NOMBRE PERSONAL
Nombre de persona Maza, Roberto.
9 (RLIN) 79453
852 ## - LOCALIZACIÓN
Ubicación ES-MaACL
Número de control de estantería C-4668
Sublocalización o colección R.25117
Holdings
Estatus retirado Estado de pérdida Estado de daño No para préstamo Biblioteca de origen Biblioteca actual Ubicación en estantería Fecha de adquisición Fuente de adquisición Total de préstamos Signatura topográfica completa Código de barras Visto por última vez Precio de reemplazo Tipo de ítem Koha
        Biblioteca del Ateneo de Madrid Biblioteca del Ateneo de Madrid Sala Palomar 17/01/2008     C-4668 1083281 23/02/2023 23/02/2023 Libro impreso